Feats de Ziak - Statistiques

Statistiques générales
  • Ce quiz a été pris 30 fois
  • Le résultat moyen est 8 sur 15
Statistiques - réponses
Titre Feat % Correct
Peur Kerchak
96%
T'aimerais Kerchak
96%
Rien ne se remplace Kaaris
81%
Room Josman
65%
Vautours Koba Lad
65%
Rhum & machette Maes
65%
Camion de glace Jolagreen23
50%
Brazil La fouine
50%
Zulu Zed
50%
Mauvaise mine Zed
50%
Rich porter LD
42%
Le peuple de la recharge TH
42%
Wakanda PLL
31%
Brownie Trafiquinte
31%
Portes sans poignées Shtar académie
19%
Aucun quiz correspondant
Distribution des résultats
% des personnes avec chaque résultat
Percentile par nombre de réponses
Votre historique - résultats
Vous n’avez pas pris ce quiz